=LDR 00000nam 2200000 4500 =001 INLIS000000000032372 =005 20200903090920 =035 ##$$a 0010-061300000032372 =008 200903################g##########0#ind## =041 ##$$a ind =082 ##$$a 2x9.8 =090 ##$$a 2x9.8 , Tam,k =100 1#$$a Tamam M.B =245 1#$$a Kisah Teadan dua puluh panglima perang Islam , /$c M.B.Tamam =260 ##$$a Surabaya :$b Amelia,$c 2008 =300 ##$$a 160 hlm. , ; $c 14 x 21 cm =650 #4$$a Biografi Islam =850 ##$$a NBPNMAT =020 ##$$a 978-979-1429-41-2 =084 ##$$a 2x9.8 TAM k =250 ##$$a cet.1 =990 ##$$a 21001651 =990 ##$$a 21001649 =990 ##$$a 1201000878